Daumier: 120 great lithographs

Saved in:
Bibliographic Details
Main Author: Ramus, Charles Ferdinand (Author)
Format: Book
Language:English
Published: Nueva York Dover 1978
Subjects:
Tags: Add Tag
No Tags, Be the first to tag this record!

MARC

LEADER 00000nam a2200000 a 4500
001 UCV9560
003 CL-VaPUC
008 921125e19780000US |||||||||||||||||eng|d
082 0 4 |a 769.944  |b RAM  |2 21 
100 0 |a Ramus, Charles Ferdinand  |e author  |9 303585 
245 1 0 |a Daumier: 120 great lithographs 
300 |a 138 p 
942 |c BK 
945 |d 19921125 00:00:00 
260 |a Nueva York  |b Dover  |c 1978 
600 0 7 |a DAUMIER, HONORE  |2 CL-VaPUC  |9 268353 
650 7 |a HUMORISMO GRAFICO FRANCES  |2 CL-VaPUC  |9 268354 
650 0 |a Obras ilustradas  |9 265022 
650 7 |a LITOGRAFIA FRANCESA  |2 CL-VaPUC  |9 268355 
583 |a last modification  |c 19921125 00:00:00  |k Rodrigo Vera 
999 |c 214876  |d 214874 
952 |0 0  |1 0  |4 0  |6 769_944000000000000_RAM_1978  |7 0  |8 A  |9 198689  |a BIBARQ  |b BIBARQ  |d 2019-11-14  |i 2660911  |o 769.944 RAM 1978  |p 2660911  |r 2025-01-20  |w 2019-11-14  |y BK  |k ARQ